000 00439nam a2200145Ia 4500
008 151213s9999 xx 000 0 und d
100 _aGeorge S.yip
245 _aTotal Global Strategy:Managing for Worldwide Completive Advantage
_cGeorge S.yip
260 _aEnglewood Clith New Jersey
_bPrentic Hall
_c1992
300 _a2837 p.
650 _aCompetition Cases Studies
650 _aReference
700 _aGeorge S.yip
999 _c1947
_d1947